[Event "IND-ch U17 Girls"]
[Site "Saravanampatty"]
[Date "2017.10.30"]
[Round "9"]
[White "Benasir, M."]
[Black "Dhyana, Patel"]
[Result "0-1"]
[WhiteElo "1499"]
[BlackElo "1640"]
[PlyCount "134"]
[EventDate "2017.10.24"]
[EventType "swiss"]
[EventRounds "11"]
[EventCountry "IND"]
[SourceTitle "CBM 181 Extra"]
[Source "ChessBase"]
[SourceDate "2017.12.12"]
[SourceVersion "1"]
[SourceVersionDate "2017.12.12"]
[SourceQuality "1"]

1. d4 Nf6 2. c4 g6 3. Nc3 d5 4. e3 Bg7 5. Nf3 0-0 6. Be2 dxc4 7. Bxc4 c5 8. 0-0 Nc6 9. dxc5 Qa5 10. Qa4 Qxc5 11. e4 a6 12. Be3 Qh5 13. Be2 Ng4 14. Bf4 Qc5 15. Qc4 Qa7 16. Nd5 Be6 17. Ng5 Bxd5 18. exd5 Nce5 19. Qe4 h6 20. Nf3 f5 21. Qb4 Nf7 22. Rac1 g5 23. Bc7 Nf6 24. Rfd1 b5 25. Qa5 Rfc8 26. Rc6 Qb7 27. Qb6 Qxb6 28. Bxb6 Nd7 29. Bd4 Nf6 30. Bc5 Nxd5 31. Rxc8+ Rxc8 32. Bd4 Nf4 33. Bf1 Rd8 34. Rd2 e5 35. Bc3 Rxd2 36. Nxd2 Nd5 37. Nb3 Nd6 38. Nc5 Nxc3 39. bxc3 a5 40. a4 bxa4 41. Nxa4 Bf8 42. Ba6 Ne4 43. Bc8 f4 44. f3 Nd2 45. Bb7 Kf7 46. Bd5+ Ke7 47. Kf2 Kd6 48. Bg8 e4 49. Ke2 e3 50. Ba2 Kc6 51. c4 Bb4 52. g3 Kd6 53. g4 Kc6 54. h3 Ba3 55. Nc3 Kc5 56. Kd3 Nxf3 57. Ne4+ Kc6 58. Nf6 Ng1 59. Nd5 e2 60. Kd2 f3 61. Ke1 Kc5 62. Nc3 f2+ 63. Kd2 e1Q+ 64. Kc2 f1Q 65. Kb3 Qd3 66. Ka4 Qexc3 67. Bb3 Qb4# 0-1